[Event "Forchheim op-B 14th"]
[Site "Forchheim"]
[Date "2015.10.03"]
[Round "2"]
[White "Mantel, Ruben"]
[Black "Nahlik, Bernhard"]
[Result "1-0"]
[WhiteElo "1773"]
[BlackElo "1721"]
[PlyCount "55"]
[EventDate "2015.10.02"]
[EventType "swiss"]
[EventRounds "5"]
[EventCountry "GER"]
[SourceTitle "EXT 2019"]
[Source "ChessBase"]
[SourceDate "2018.10.10"]
[SourceVersion "1"]
[SourceVersionDate "2018.10.10"]
[SourceQuality "1"]

1. e4 c6 2. Nc3 d5 3. Nf3 dxe4 4. Nxe4 Bf5 5. Ng3 Bg6 6. h4 h6 7. Ne5 Bh7 8. Qh5 g6 9. Qf3 Nf6 10. Qb3 e6 11. Qxb7 Nbd7 12. Qxc6 Rc8 13. Qa4 Qc7 14. Nxd7 Nxd7 15. Bb5 Qe5+ 16. Ne4 Rc7 17. 0-0 g5 18. d3 f5 19. f4 Qg7 20. fxg5 fxe4 21. Bf4 Bc5+ 22. Kh1 e5 23. gxh6 Qe7 24. Bg5 Qd6 25. Rf6 Qd4 26. Re6+ Kf7 27. Qb3 Nb6 28. Re7+ 1-0

[Event "Nuremberg Zabo op 15th"]
[Site "Nuremberg"]
[Date "2013.09.21"]
[Round "2"]
[White "Nahlik, Bernhard"]
[Black "Bachstein, Dustin"]
[Result "0-1"]
[WhiteElo "1721"]
[BlackElo "2010"]
[PlyCount "128"]
[EventDate "2013.09.20"]
[EventType "swiss"]
[EventRounds "5"]
[EventCountry "GER"]
[SourceTitle "EXT 2016"]
[Source "ChessBase"]
[SourceDate "2015.10.08"]
[SourceVersion "1"]
[SourceVersionDate "2015.10.08"]
[SourceQuality "1"]

1. d4 Nf6 2. Nf3 g6 3. e3 Bg7 4. Bd3 0-0 5. e4 d6 6. 0-0 a6 7. Re1 Nbd7 8. c4 e5 9. dxe5 dxe5 10. Nc3 c6 11. b3 Qc7 12. Qc2 Re8 13. Na4 b6 14. Bb2 Nh5 15. Rad1 Nf4 16. Bf1 Nc5 17. Nxc5 bxc5 18. Ba3 Qa5 19. Bc1 Ne6 20. h3 Nd4 21. Nxd4 cxd4 22. Bd2 Qd8 23. c5 Qe7 24. Bd3 Qh4 25. Ba5 g5 26. f3 Re6 27. Qf2 Qxf2+ 28. Kxf2 h5 29. g4 Bf8 30. b4 Rh6 31. Kg2 Be6 32. Re2 Be7 33. Rg1 f6 34. a3 Kf7 35. Kf1 Bb3 36. Reg2 Ba4 37. Bc4+ Ke8 38. Ke2 Bb5 39. Bd3 Kd7 40. Kd2 Bxd3 41. Kxd3 hxg4 42. hxg4 Rh3 43. Ke2 Rah8 44. Kf2 Bd8 45. Bxd8 Kxd8 46. Rd1 Kc7 47. Rg3 Rh1 48. Rxh1 Rxh1 49. Ke2 a5 50. bxa5 Kb7 51. Kd3 Ka6 52. Rg2 Kxa5 53. Rb2 Rc1 54. Rb8 Rc3+ 55. Ke2 Rxc5 56. Rf8 Rc2+ 57. Kd1 Ra2 58. Rxf6 c5 59. Rf5 c4 60. Rxe5+ Ka4 61. Rxg5 d3 62. Rg8 Kb3 63. e5 Kc3 64. Ke1 d2+ 0-1

[Event "Nuremberg Zabo op 13th"]
[Site "Nuremberg"]
[Date "2011.09.18"]
[Round "5"]
[White "Nahlik, Bernhard"]
[Black "Ammon, Tobias"]
[Result "1/2-1/2"]
[WhiteElo "1701"]
[BlackElo "1993"]
[PlyCount "83"]
[EventDate "2011.09.16"]
[EventType "swiss"]
[EventRounds "5"]
[EventCountry "GER"]
[SourceTitle "EXT 2013"]
[Source "ChessBase"]
[SourceDate "2012.11.22"]
[SourceVersion "1"]
[SourceVersionDate "2012.11.22"]
[SourceQuality "1"]

1. d4 d5 2. Nf3 Nf6 3. e3 Bg4 4. Be2 e6 5. 0-0 Bd6 6. b3 0-0 7. Bb2 Ne4 8. Nbd2 Nxd2 9. Qxd2 Nd7 10. c4 c6 11. Ne5 Bxe2 12. Qxe2 Bxe5 13. dxe5 Qc7 14. cxd5 exd5 15. f4 Rfe8 16. Qg4 Nc5 17. f5 Qe7 18. Rad1 Rad8 19. Rf4 Qc7 20. Bd4 Nd7 21. e6 Ne5 22. exf7+ Qxf7 23. Qg3 Nd7 24. Rdf1 Nf6 25. Bxf6 Qxf6 26. Qf2 b6 27. g4 h6 28. Qg3 d4 29. exd4 Rxd4 30. R4f2 Ree4 31. h3 Kh7 32. Rg2 Qd6 33. Qxd6 Rxd6 34. Rff2 Kg8 35. Re2 Rxe2 36. Rxe2 Kf7 37. Kf2 Rd3 38. Kg2 c5 39. h4 c4 40. bxc4 Rd4 41. Kg3 Rxc4 42. g5 1/2-1/2

[Event "Nuremberg-ch op 05th"]
[Site "Nuremberg"]
[Date "2005.05.07"]
[Round "2"]
[White "Thuerauf, Peter"]
[Black "Nahlik, Bernhard"]
[Result "1/2-1/2"]
[WhiteElo "1849"]
[BlackElo "1846"]
[PlyCount "87"]
[EventDate "2005.05.06"]
[EventType "swiss"]
[EventRounds "5"]
[EventCountry "GER"]
[SourceTitle "EXT 2007"]
[Source "ChessBase"]
[SourceDate "2006.11.23"]
[SourceVersion "1"]
[SourceVersionDate "2006.11.23"]
[SourceQuality "1"]

1. d4 Nf6 2. Nf3 d5 3. c4 c6 4. Nc3 g6 5. e3 Bg7 6. cxd5 cxd5 7. Bd3 0-0 8. h3 Nc6 9. 0-0 Nb4 10. Bb1 a5 11. a3 Nc6 12. b3 Re8 13. Bb2 e5 14. dxe5 Nxe5 15. Nxe5 Rxe5 16. Ne2 Re8 17. Nf4 b5 18. Bd3 Rb8 19. Rc1 Ne4 20. Bxg7 Kxg7 21. Be2 Be6 22. Rc6 b4 23. a4 Nc3 24. Qd4+ Kg8 25. Bf3 Qg5 26. Rc5 Ra8 27. Re1 Rec8 28. Rxc8+ Rxc8 29. Nxe6 fxe6 30. Qb6 Rf8 31. Qxe6+ Kh8 32. Qg4 Qxg4 33. Bxg4 Kg7 34. Bf3 h5 35. Kf1 Kf6 36. Rc1 h4 37. Rc2 Ke5 38. Ke1 Rf6 39. Rd2 Rf8 40. Bg4 g5 41. Bd1 Ne4 42. Rc2 Nc3 43. Rd2 Ne4 44. Rc2 1/2-1/2